The mysterious Bible codes / (Record no. 17922)

000 -LEADER
fixed length control field 00982cam a2200289 a 4500
001 - CONTROL NUMBER
control field 1671918
003 - CONTROL NUMBER IDENTIFIER
control field OkBaRHE
005 - DATE AND TIME OF LATEST TRANSACTION
control field 20111015141340.0
008 - FIXED-LENGTH DATA ELEMENTS--GENERAL INFORMATION
fixed length control field 980720s1998 tnu b 000 0 eng
010 ## - LIBRARY OF CONGRESS CONTROL NUMBER
LC control number 98038284
020 ## - INTERNATIONAL STANDARD BOOK NUMBER
International Standard Book Number 084991325X
040 ## - CATALOGING SOURCE
Original cataloging agency DLC
Transcribing agency DLC
Modifying agency DLC
050 00 - LIBRARY OF CONGRESS CALL NUMBER
Classification number BS534
Item number .J44 1998
082 00 - DEWEY DECIMAL CLASSIFICATION NUMBER
Classification number 220.6/8
Edition number 21
100 1# - MAIN ENTRY--PERSONAL NAME
Personal name Jeffrey, Grant R.
9 (RLIN) 573
245 14 - TITLE STATEMENT
Title The mysterious Bible codes /
Statement of responsibility, etc by Grant R. Jeffrey.
260 ## - PUBLICATION, DISTRIBUTION, ETC. (IMPRINT)
Place of publication, distribution, etc Nashville :
Name of publisher, distributor, etc Word Pub.,
Date of publication, distribution, etc c1998.
300 ## - PHYSICAL DESCRIPTION
Extent 197 p. ;
Dimensions 25 cm.
410 20 - SERIES STATEMENT/ADDED ENTRY--CORPORATE NAME [OBSOLETE, CAN/MARC], [LOCAL, USA]
Corporate name or jurisdiction name as entry element engheb
504 ## - BIBLIOGRAPHY, ETC. NOTE
Bibliography, etc Includes bibliographical references (p. 193-197).
630 00 - SUBJECT ADDED ENTRY--UNIFORM TITLE
Uniform title Bible
General subdivision Prophecies.
9 (RLIN) 1578
650 #0 - SUBJECT ADDED ENTRY--TOPICAL TERM
Topical term or geographic name as entry element Ciphers in the Bible.
9 (RLIN) 1576
856 42 - ELECTRONIC LOCATION AND ACCESS
Materials specified Publisher description
Uniform Resource Identifier http://www.loc.gov/catdir/enhancements/fy0609/98038284-d.html
906 ## - LOCAL DATA ELEMENT F, LDF (RLIN)
a 7
b cbc
c orignew
d 1
e ocip
f 19
g y-gencatlg
942 ## - ADDED ENTRY ELEMENTS (KOHA)
Source of classification or shelving scheme
Koha item type Books
Copies
Koha item type Permanent Location Date checked out Source of classification or shelving scheme Total Checkouts Date acquired Copy number Date last seen Shelving location Current Location Damaged status Lost status Withdrawn status Full call number Price effective from Not for loan Barcode
BooksRHEMA Bible Training College2011-10-20 12011-10-1512011-10-27General StacksRHEMA Bible Training College   BS 534 .J44 19982011-10-15 22203